Ramus : method, and the decay of dialogue : from the art of discourse to the art of reason

Αποθηκεύτηκε σε:
Λεπτομέρειες βιβλιογραφικής εγγραφής
Κύριος συγγραφέας: Ong, Walter J.
Μορφή: Βιβλίο
Γλώσσα:English
Δημοσίευση: Cambridge : Harvard University Press, 1983
Θέματα:
Ετικέτες: Προσθήκη ετικέτας
Δεν υπάρχουν, Καταχωρήστε ετικέτα πρώτοι!

MARC

LEADER 00000nam a2200000 i 4500
001 1/74782
008 971016s1983 eng d
020 |a 0-674-74802-6 
035 |a 1993  |b 1  |c Σκούρτου  |l 10031933 
040 |a GR-MY-UA  |b gre  |e aacr 
041 0 |a eng 
082 0 |a 160 
100 1 |a Ong, Walter J. 
245 1 0 |a Ramus :  |b method, and the decay of dialogue : from the art of discourse to the art of reason /  |c Walter J. Ong, S.L. 
260 |a Cambridge :   |b Harvard University Press,   |c 1983 
300 |a 408 p. 
600 1 0 |a Ramus Petrus  |d 1515-1572. 
852 |a INST  |b RHODES  |e 19971016  |h 160 ONG  |p 005400009257  |q 005400009257  |t BK  |y 0 
909 |a Ρ  |b 026013  |c 1993